000 00538nam a2200217Ia 4500
003 OSt
005 20220926043207.0
006 a|||||r|||| 00| 0
007 ta
008 220923b |||||||| |||| 00| 0 eng d
037 _cGeneral Book
040 _aRTL
_cRTL
_beng
041 _2eng
_aeng
082 _aX7::55:N4, H4
100 _aNathan` O
_9347383
245 0 _aNazi war finance and banking
260 _c1944
650 _aFinance
942 _hX7::55:N4, H4
_cGB
_2CC
999 _c671719
_d671719